| 000 | 01168aam a2200325 i 4500 | ||
|---|---|---|---|
| 001 | 768714001 | ||
| 003 | CO-MdFUSB | ||
| 005 | 20250505110340.0 | ||
| 007 | ta | ||
| 008 | 160830t1996 us a|||f |||| 00| 0 eng d | ||
| 020 | _a0687007674 | ||
| 040 |
_aCO-MdFUSB _bEspañol _cCO-MdFUSB _dCO-MdFUSB _erda |
||
| 041 | _aeng | ||
| 082 |
_224 _a241 _bT391t |
||
| 245 | 1 | 0 |
_aTheology and ethics in Paul and his interpreters : _bessays in honor of Victor Paul Furnish _c/ editado por Eugene H. Lovering , Jerry L. Sumney |
| 264 | 1 |
_aNashville, Tennessee : _bAbingdon Press, _c[1996] |
|
| 264 | 4 | _c© 1996 | |
| 300 |
_a333 páginas _c; 23 cm |
||
| 336 |
_2rdacontent _atexto _btxt |
||
| 337 |
_2rdamedia _asin mediación _bn |
||
| 338 |
_2rdacarrier _avolumen _bnc |
||
| 505 | _aTeología y ética en Pablo - La teología de Pablo y la ética en el contexto canónico y postcanónico - Teología y ética en los intérpretes modernos de Pablo | ||
| 563 | _aRústico | ||
| 650 | 7 |
_aÉtica cristiana _9185 |
|
| 700 |
_93960 _aLovering, Eugene H. _eeditor |
||
| 700 |
_93961 _aSumney, Jerry L. _eeditor |
||
| 942 | _cBK | ||
| 945 | _aJTF-925 | ||
| 999 |
_c47142 _d47142 |
||